Регионална библиотека "Любен Каравелов" - Русе

Картелът Клеопатра (Запис номер 65668)

MARC детайли
000 -Лидер
Контролно поле с фиксирана дължина 01258nam a2200337 c 4500
003 - Код на организацията, давaща контролен номер
Контролно поле BLK
005 - Дата и час на последна редакция
Контролно поле 20211229121435.0
008 - Елементи от данни с фиксирана дължина
fixed length control field 180408b bul|||||r ||||||| ||bul||
010 ## - Наследен системен номер
LC control number KNG00069949000
020 ## - Международен стандартен номер на книга ISBN
Международен стандартен номер на книга ISBN 954-409-239-0
-- издат.: Плеяда
040 ## - Източник на каталожния запис
Идентификатор на билиотеката - собственик на записа BLK
041 ## - Код за език
Код за езика на текст/звукозапис или на отделно заглавие Български
Код за езика КДБФ Български
080 ## - УДК
Текстов определител УДК Американска литература (на САЩ)
УДК код - определител по УДК 821.111(73)
УДК определител -312.4
УДК - код + определител 821.111(73)-312.4
100 1# - Редна дума - Автор
Автор Кониц, Уилям
Авторска отговорност първи автор
R(LIN) 81915
139 ## - Редно поле
Редна дума Кониц, Уилям
Авторски знак Кон - К 81
245 10 - Сведения за заглавието
Заглавие Картелът Клеопатра
Подзаглавни данни Роман
Редно поле (дума) Уилям Кониц; прев. от англ. Теодора Илиева-Радева.
257 ## - Страна на издаване
Страна на създаване/издаване Съединени американски щати
260 ## - Област на издателските данни
-- София
Име на издателя, разпространителя и проч. Плеяда
Година на издаване 2006
300 ## - Физическа характеристика
Страници 328 с.
Размери/Мащаб 20 см
380 ## - Жанр
Жанр Худож. лит.
490 1# - СЕРИИ (Колекции)
Име на серия Световен трилър
500 ## - Общи забележки
Забележка Ориг. загл.Cleopatra Gold / William J. Caunitz.
653 ## - Ключова дума – ненормативна
Ключова дума трилъри
653 ## - Ключова дума – ненормативна
Ключова дума романи
700 1# - Други автори (авторска отговорност)
Лично име Илиева-Радева, Теодора
Автороска отговорност (Описва отношението между автора и произведението) прев. от англ.
9 (RLIN) 269778
852 ## - Местоположение
Форматна сигнатура Цб 230345
856 4# - Електронен адрес и достъп
Електронен формат pdf - файл
Път до файла /url/
856 4# - Електронен адрес и достъп
Електронен формат pdf - файл
Път до файла /url/
942 ## - АРТИКУЛИ
Вид на библиотечния материал Книги
Скрит в OPAC Не
Koha issues (borrowed), all copies 34
944 ## - СЪЗДАВАНЕ И РЕДАКЦИЯ на ЗАПИСА
Създаване/Редакция Създаване
Дата на регистрацията/редакция 11.12.2006
Статус, дата на статуса ф /
Служител, извършил регистрацията/редакцията Виолета_Тройчева
944 ## - СЪЗДАВАНЕ И РЕДАКЦИЯ на ЗАПИСА
Създаване/Редакция Редакция
Дата на регистрацията/редакция 16.06.2017
Статус, дата на статуса ф /
Служител, извършил регистрацията/редакцията Людмила_Стоянова
999 ## - СИСТЕМНИ КОНТРОЛНИ НОМЕРА
Koha biblionumber 65668
Koha biblioitemnumber 65668
Наличности
Код за отписване Код за изгубен артикул Код за повреда Коз за рестрикции Код за отдаване Артикулен № Име на библиотеката - собственик Име на библиотеката, в която се намира в момента Статус (Текущо местоположение) Дата на вписване в системата Местоположение - отдел Цена в лева Инвентарен номер Систематично азбучна сигнатура Баркод Номер на екземпляра Цена в евро Служебна бележка Служебен тип на артикула Източник на класификационната схема
  Не е изгубен Не е повреден без рестрикции ползва се в читалня 108346 Регионална библиотека "Любен Каравелов" Русе Регионална библиотека "Любен Каравелов" Русе Хранилище 2008-04-21 Хранилище 8.00 120000725744 Цб 230345 120000725744 1 4.09 Дост: Dp Вид: Д N: 12 Дата: 20.02.2008 Книги  
Изтеглен Не е изгубен Не е повреден без рестрикции заемане за дома 108347 Регионална библиотека "Любен Каравелов" Русе Регионална библиотека "Любен Каравелов" Русе Заемна - подръчен фонд 2014-12-10 Заемна - подръчен фонд 3.00 120000783748 П 820(73)-31/К 81 120000783748 2 1.53 Дост: Pk Вид: Ф N: 422 Дата: 10.12.2014 Дата инв: 06.03.2018 Бележки инв: П2018 Книги Universal Decimal Classification
Изтеглен Не е изгубен Не е повреден без рестрикции заемане за дома 108348 Регионална библиотека "Любен Каравелов" Русе Регионална библиотека "Любен Каравелов" Русе Заемна - подръчен фонд 2017-05-26 Заемна - подръчен фонд 3.00 120000811264 П 820(73)-31/К 81 120000811264 3 1.53 Дост: Pk Вид: Ф N: 490 Дата: 26.05.2017 Дата инв: 01.03.2018 Бележки инв: П2018 Книги Universal Decimal Classification
Vip Innovations Ltd, Rousse, Bulgaria 2025